000
00238nam a2200109 4500
082
_a
PUR
100
_a
Puri, LD
245
_a
Practical Handbook of RCC Design
260
_a
India:
_b
Satya Prakashan,
_c
1995.
300
_a
348p. ;
942
_c
BK
999
_c
9156
_d
9156